Library Banner

افغانستان (Record no. 82995)

MARC details
000 -LEADER
fixed length control field 00411nam a22001457a 4500
005 - DATE AND TIME OF LATEST TRANSACTION
control field 20160219152938.0
008 - FIXED-LENGTH DATA ELEMENTS--GENERAL INFORMATION
fixed length control field 160219b xxu||||| |||| 00| 0 eng d
040 ## - CATALOGING SOURCE
Transcribing agency PK-LaUMT
082 ## - DEWEY DECIMAL CLASSIFICATION NUMBER
Classification number AMC 958.1
Item number SAD-A
100 ## - MAIN ENTRY--PERSONAL NAME
Personal name سادھن مکرجی
245 ## - TITLE STATEMENT
Title افغانستان
Remainder of title زوال سے عروج تک
Statement of responsibility, etc سادھن مکرجی
260 ## - PUBLICATION, DISTRIBUTION, ETC. (IMPRINT)
Place of publication, distribution, etc دہلی
Name of publisher, distributor, etc نویک پریس
Date of publication, distribution, etc [ ]
300 ## - PHYSICAL DESCRIPTION
Extent 240 ص
942 ## - ADDED ENTRY ELEMENTS (KOHA)
Koha item type Books
Holdings
Withdrawn status Lost status Damaged status Home library Current library Date acquired Full call number Barcode Date last seen Price effective from Koha item type
      UMT Main Campus UMT Main Campus 2016-02-19 AMC 958.1 SAD-A 85029 2016-02-19 2016-02-19 Books